000 00870nam a2200265 i 4500
001 bg
100 1 _aMOLISZ, Wojciech
245 1 0 _aPrzeżywalność sieci teleinformatycznych i telekomunikacyjnych /
_cWojciech Molisz ; Politechnika Gdańska.
260 _aGdańsk :
_bWydaw. Politechniki Gdańskiej,
_c2002.
300 _a169, [2] s. :
_bil. ;
_c24 cm.
490 1 _aMonografie / Politechnika Gdańska ;
_v31
500 _aStreszcz. ang.
504 _aBibliogr.
650 9 _aSystemy informatyczne
_xochrona
650 9 _aSieć komputerowa
_xstosowanie
_xtelekomunikacja
650 9 _aTelekomunikacja
_xautomatyzacja
830 0 _aMonografie (Politechnika Gdańska) ;
_v31
020 _a8373480250
040 _cBPK
041 0 _apl
_ben
080 _a004.05:621.391
920 _a83-7348-025-0
942 _cKS
008 s pl f |000 0 pol
999 _c42069
_d42069
856 _uhttp://koha.tu.koszalin.pl/cgi-bin/koha/opac-detail.pl?biblionumber=42069
_yKatalog online BPK